00220 a2200109 450000500170000002000180001710000200003524500140005526000150006994200070008499900190009120260114115253.0 a9780603580673 aMafi T.9216344 aIgnite Me bDeanc2021 cAR c369885d369885